ბათუმის შოთა რუსთაველის სახელმწიფო უნივერსიტეტის ბიბლიოთეკა

რჩეული:-60ლექსი,პროზა-პარიზში წავვლას რა უნდა, თარგმანები ფრანგული პოეზიიდან. (ბიბ.ჩანაწერი № 48844)

000 -LEADER
fixed length control field 00975nam a2200217Ia 4500
001 - CONTROL NUMBER
control field 15746
003 - CONTROL NUMBER IDENTIFIER
control field GE_BSU
008 - FIXED-LENGTH DATA ELEMENTS--GENERAL INFORMATION
fixed length control field 181216s||||||||xx |||||||||||||| ||und||
010 ## - LIBRARY OF CONGRESS CONTROL NUMBER
LC control number 9789994021987
040 ## - CATALOGING SOURCE
Transcribing agency GE_BSU
080 ## - UNIVERSAL DECIMAL CLASSIFICATION NUMBER
Universal Decimal Classification number 821.353.1-1+821.353.1-3+821.133.1.03=353.1
100 ## - MAIN ENTRY--PERSONAL NAME
Personal name თევზაძე,ბადრი
245 ## - TITLE STATEMENT
Title რჩეული:-60ლექსი,პროზა-პარიზში წავვლას რა უნდა, თარგმანები ფრანგული პოეზიიდან.
245 ## - TITLE STATEMENT
Statement of responsibility, etc. რედ:დავით თედორაძე
260 ## - PUBLICATION, DISTRIBUTION, ETC.
Place of publication, distribution, etc. ბათუმი.
260 ## - PUBLICATION, DISTRIBUTION, ETC.
Name of publisher, distributor, etc. გამ-ბა აჭარა
260 ## - PUBLICATION, DISTRIBUTION, ETC.
Date of publication, distribution, etc. 2015.
300 ## - PHYSICAL DESCRIPTION
Extent 384გვ;19სმ
653 ## - INDEX TERM--UNCONTROLLED
Uncontrolled term ჩეული:-60ლექსი,პროზა-პარიზში წავვლას რაუნდა, თარგმანები ფრანგული პოეზიიდან.
942 ## - ADDED ENTRY ELEMENTS (KOHA)
Koha item type წიგნი
ეგზემპლარები
Withdrawn status Lost status Damaged status Not for loan Date acquired Barcode Date last seen Price effective from Koha item type
        2018-12-17 39589 2018-12-17 2018-12-17 წიგნი
        2018-12-17 39590 2018-12-17 2018-12-17 წიგნი